[Event "5th Kesarovski - Georgiev Mem"]
[Site "Sunny Beach BUL"]
[Date "2006.09.05"]
[Round "4"]
[White "Karakehajov,K"]
[Black "Bojchev,M"]
[Result "1-0"]
[WhiteElo "2451"]
[BlackElo "2325"]

1.d4 d5 2.c4 dxc4 3.e4 c5 4.d5 e6 5.Nc3 exd5 6.Qxd5 Qxd5 7.Nxd5 Bd6 8.Bxc4 Ne7
9.Nf3 Nd7 10.Be3 Nxd5 11.Bxd5 Nb6 12.Bb3 Bg4 13.Ke2 f6 14.Rac1 Rc8 15.h3 Bh5
16.Rhd1 Rc6 17.a4 c4 18.a5 cxb3 19.Rxc6 bxc6 20.axb6 Ke7 21.Rxd6 Bxf3+ 22.gxf3 Kxd6
23.Bf4+ Kc5 24.b7 a5 25.b8=Q Rxb8 26.Bxb8 Kc4 27.Kd2 a4 28.f4  1-0

[Event "TCh-ESP Honor Gp2"]
[Site "San Sebastian ESP"]
[Date "2006.09.13"]
[Round "1"]
[White "Sargissian,G"]
[Black "Fernandez Romero,Ern"]
[Result "1-0"]
[WhiteElo "2667"]
[BlackElo "2436"]

1.d4 d5 2.c4 dxc4 3.e4 Nc6 4.Nf3 Bg4 5.d5 Ne5 6.Bf4 Ng6 7.Be3 Nf6 8.Nc3 e5
9.Bxc4 a6 10.Be2 Bd6 11.Nd2 Bd7 12.h4 b5 13.g3 O-O 14.Bf3 c5 15.dxc6 Bxc6
16.O-O Rc8 17.Qb3 Nd7 18.Rfd1 Nc5 19.Qc2 Ne6 20.Qd3 Bc5 21.Qxd8 Rfxd8 22.Bxc5 Nxc5
23.Nb3 Na4 24.Rxd8+ Rxd8 25.Na5 Nxc3 26.Nxc6 Rd3 27.Kg2 Rd6 28.Nb4 Na4 29.b3 Nc5
30.Rc1 Ne6 31.Rc8+ Ngf8 32.Bg4 a5 33.Nc6 g6 34.Bxe6 fxe6 35.Nxe5 a4 36.bxa4 bxa4
37.Rc5 Ra6 38.a3 h6 39.Rc8 Kg7 40.Rc7+  1-0

[Event "EU-chG18"]
[Site "Herceg Novi MNE"]
[Date "2006.09.18"]
[Round "8"]
[White "Khudaya,A"]
[Black "Vladimirova,M"]
[Result "0-1"]
[WhiteElo "2058"]
[BlackElo "1931"]

1.d4 d5 2.c4 dxc4 3.e4 e5 4.d5 Bc5 5.Nf3 Nf6 6.Bg5 Bxf2+ 7.Kxf2 Nxe4+ 8.Ke1 Nxg5
9.Qa4+ c6 10.Nxg5 Qxg5 11.Qxc4 O-O 12.Nc3 cxd5 13.Nxd5 Be6 14.Rd1 Nc6 15.Qe4 Bf5
16.Qe3 Qh4+ 17.g3 Qe4 18.Rg1 Rfd8 19.Qxe4 Bxe4 20.Nc3 Bf3 21.Be2 Nd4 22.Kf2 Nxe2
23.Nxe2 Bc6 24.Nc3 f6 25.Ke3 Kf7 26.Rgf1 Ke7 27.Rfe1 Rxd1 28.Rxd1 Rd8 29.Rc1 f5
30.b4 g5 31.b5 f4+ 32.gxf4 gxf4+ 33.Ke2 Be8 34.Ne4 Bxb5+ 35.Kf2  0-1

[Event "Vojvodina Quality League m"]
[Site "Sremska Mitrovica SRB"]
[Date "2006.09.25"]
[Round "6"]
[White "Stojanovic,Zo"]
[Black "Kizov,A"]
[Result "1/2-1/2"]
[WhiteElo "2262"]
[BlackElo "2410"]

1.d4 d5 2.c4 dxc4 3.e4 e5 4.Nf3 exd4 5.Qxd4 Qxd4 6.Nxd4 Bc5 7.Be3 Nf6 8.f3 Nc6
9.Nc2 Bxe3 10.Nxe3 Be6 11.Nd2 O-O-O 12.Bxc4 Ne5 13.O-O-O Nxc4 14.Ndxc4 c6
15.b3 Kc7 16.Kc2 b5 17.Ne5 g6 18.Nd3  1/2-1/2

[Event "Vasylyshyn Mem"]
[Site "Lviv UKR"]
[Date "2006.10.11"]
[Round "8"]
[White "Konovalov,N"]
[Black "Nester,I"]
[Result "1/2-1/2"]
[WhiteElo "2443"]
[BlackElo "2420"]

1.d4 d5 2.c4 dxc4 3.e4 Nf6 4.e5 Nd5 5.Bxc4 Nb6 6.Bb3 Nc6 7.Be3 Bf5 8.a3 Qd7
9.Nc3 O-O-O 10.Nge2 f6 11.exf6 exf6 12.O-O Ne7 13.a4 Nbd5 14.a5 a6 15.Rc1 Nb4
16.Na4 Ned5 17.Nf4 Kb8 18.Nc5 Bxc5 19.Rxc5 Be4 20.Qd2 Rhe8 21.Rfc1 c6 22.Ba4 Ka7
23.R5c4 Nxe3 24.fxe3 Nd5 25.Nxd5 Bxd5 26.Rc5 Qg4 27.Re1 f5 28.Bc2 f4 29.e4 f3
30.h3 Qg6 31.e5 Qe6 32.Be4 Rf8 33.gxf3 Bxe4 34.Rxe4 Rxf3 35.Qg2 Rxh3 36.Rc3 Rh5
37.Qg4 Qh6 38.Qg2 Rg5 39.Rg3 Rxg3 40.Qxg3 Qc1+ 41.Qe1 Qxe1+ 42.Rxe1 Rxd4
43.Kf2 Kb8 44.Ke3 Rd7 45.e6 Re7 46.Kf4 Kc7 47.Ke5 Kd8 48.Kd6 g5 49.Ke5 g4
50.Rh1 Ke8 51.Kf6 Kf8 52.Rd1 Ke8 53.Rh1 Kf8  1/2-1/2

[Event "FSGM October"]
[Site "Budapest HUN"]
[Date "2006.10.13"]
[Round "7"]
[White "Ilincic,Z"]
[Black "Vitor,A"]
[Result "1-0"]
[WhiteElo "2451"]
[BlackElo "2414"]

1.d4 d5 2.c4 dxc4 3.e4 e5 4.Nf3 exd4 5.Bxc4 Nc6 6.O-O Nf6 7.e5 Ne4 8.Bb5 Qd5
9.Nxd4 Bd7 10.Bxc6 Bxc6 11.Nxc6 Qxc6 12.Qf3 O-O-O 13.Be3 Rd3 14.Qxf7 Qd7
15.Qc4 Qd5 16.Qa4 a5 17.Nc3 Nxc3 18.bxc3 Qxe5 19.Bd4 Qh5 20.Rfe1 Bd6 21.g3 b6
22.Bxb6 Rxc3 23.Bd4 Rd3 24.Qc4 Qf5 25.Rac1 Rd8 26.Qa6+ Kd7 27.Qc6+ Kc8 28.Re7 Rd1+
29.Kg2  1-0

[Event "XI WCh-Blind"]
[Site "Goa IND"]
[Date "2006.10.16"]
[Round "7"]
[White "Pohlers,J"]
[Black "Larduet,C"]
[Result "0-1"]
[WhiteElo "2102"]
[BlackElo "2308"]

1.d4 d5 2.c4 dxc4 3.e4 Nf6 4.e5 Nd5 5.Bxc4 Nb6 6.Bb3 Nc6 7.Nf3 Bf5 8.O-O e6
9.Nc3 Qd7 10.Be3 O-O-O 11.Na4 Kb8 12.Rc1 h6 13.Nxb6 axb6 14.Ba4 Be4 15.a3 f6
16.Qe2 Be7 17.Rfd1 Bd5 18.Ne1 f5 19.Qc2 g5 20.f3 f4 21.Bf2 h5 22.Nd3 Rc8
23.Qd2 Rhg8 24.Kf1 g4 25.Nxf4 Bg5 26.g3 Bxf4 27.gxf4 gxf3 28.Qe3 Rg2 29.Re1 Rcg8  0-1

[Event "Autumn Cup"]
[Site "Bucharest ROM"]
[Date "2006.10.19"]
[Round "9"]
[White "Karakehajov,K"]
[Black "Thesing,M"]
[Result "1-0"]
[WhiteElo "2458"]
[BlackElo "2410"]

1.d4 d5 2.c4 dxc4 3.e4 c5 4.d5 Nf6 5.Nc3 b5 6.e5 b4 7.Nb5 a6 8.Bxc4 axb5
9.Bxb5+ Bd7 10.Bc4 Ng8 11.Qf3 Qb6 12.Be3 Ra5 13.Nh3 g6 14.e6 fxe6 15.dxe6 Bxe6
16.Bxe6 Qxe6 17.Ng5 Qc8 18.Qf7+ Kd7 19.Rd1+ Kc6 20.Ne6 Nf6 21.Rd8 Qa6 22.Nxf8 Rxf8
23.Qxf8 Nbd7 24.Rc8+ Kd6 25.Qd8 Ke6 26.Kd1 Rxa2 27.Re1 Kf7 28.Qxe7+  1-0

[Event "WYB18"]
[Site "Batumi GEO"]
[Date "2006.10.22"]
[Round "4"]
[White "Melkumyan,H"]
[Black "Shanmugam,R"]
[Result "1-0"]
[WhiteElo "2391"]
[BlackElo "2161"]

1.d4 d5 2.c4 dxc4 3.e4 e5 4.Nf3 exd4 5.Bxc4 Nc6 6.O-O Be6 7.Bb5 Bc5 8.b4 Bb6
9.a4 a6 10.Bxc6+ bxc6 11.a5 Ba7 12.Bb2 Ne7 13.Bxd4 Bxd4 14.Nxd4 Bc4 15.Re1 Rb8
16.Qd2 Qd6 17.Na3 Qxb4 18.Qg5 O-O 19.Ndc2 f6 20.Qg3 Qa4 21.Qxc7 Ng6 22.Ne3 Bf7
23.Nac4 Qb4 24.Nd6 Ne5 25.Nef5 Nc4 26.Nxc4 Qxc4 27.Rac1 Qb4 28.Ne7+ Kh8 29.Nxc6 Qb7
30.Nxb8 Qxb8 31.Qxb8 Rxb8 32.Rc7 Be8 33.Rec1 Kg8 34.Rc8 Rxc8 35.Rxc8 Kf7
36.f4 Bb5 37.Kf2 g5 38.f5 h5 39.Ke3 h4 40.g3  1-0

[Event "14th Chigorin Mem B"]
[Site "St-Petersburg RUS"]
[Date "2006.10.25"]
[Round "3"]
[White "Rumiantseva,M"]
[Black "Fox,P"]
[Result "0-1"]
[WhiteElo "2053"]
[BlackElo "1813"]

1.d4 d5 2.c4 dxc4 3.e4 e5 4.d5 b5 5.a4 Nf6 6.Qc2 c6 7.axb5 cxd5 8.exd5 Qxd5
9.Nc3 Bb4 10.Bd2 Bxc3 11.Bxc3 Bb7 12.Nf3 Nbd7 13.Ra5 Qe6 14.Be2 O-O 15.O-O a6
16.bxa6 Rxa6 17.Rb5 Be4 18.Qd2 Rd6 19.Qe3 Bd3 20.Nxe5 Nd5 21.Qg3 Nxc3 22.Bxd3 Nxb5  0-1

[Event "RGSU Masters"]
[Site "Moscow RUS"]
[Date "2006.11.09"]
[Round "4"]
[White "Tonoian,A"]
[Black "Kislov,O"]
[Result "1-0"]
[WhiteElo "2400"]
[BlackElo "2267"]

1.d4 d5 2.c4 dxc4 3.e4 Nf6 4.e5 Nd5 5.Bxc4 Nb6 6.Bb3 Nc6 7.Nf3 Bf5 8.Nc3 e6
9.h3 Be7 10.a3 Qd7 11.Be3 O-O-O 12.Qe2 h6 13.Rd1 Nd5 14.Nxd5 exd5 15.Ba4 Qe6
16.b4 g5 17.Rc1 Nb8 18.Qd2 Rdg8 19.Qc3 Bd8 20.Nd2 Rh7 21.Nb3 b6 22.Bb5 f6
23.a4 Kb7 24.a5 a6 25.Be2 Re7 26.b5 axb5 27.Bxb5 fxe5 28.dxe5 Qxe5 29.Bc6+ Ka6
30.Nd4 Nxc6 31.Qxc6 Qxd4 32.O-O Rxe3 33.axb6 Ra3 34.bxc7+ Qb6 35.Qa8+ Qa7
36.Qxd8 Rg6 37.c8=Q+ Bxc8 38.Rxc8  1-0

[Event "Open"]
[Site "Liberec CZE"]
[Date "2006.11.16"]
[Round "7"]
[White "Haba,Z"]
[Black "Stehlik,J"]
[Result "1-0"]
[WhiteElo "2207"]
[BlackElo "2117"]

1.d4 d5 2.c4 dxc4 3.e4 e5 4.Nf3 exd4 5.Bxc4 Bb4+ 6.Nbd2 Nc6 7.O-O Qf6 8.e5 Qg6
9.Nh4 Qh6 10.Ndf3 Qh5 11.h3 Nxe5 12.Nxe5 Qxe5 13.Qa4+ b5 14.Bxb5+ Kd8 15.Qxb4 Ne7
16.Nf3  1-0

[Event "SK Liburnija GM"]
[Site "Rijeka CRO"]
[Date "2006.11.18"]
[Round "5"]
[White "Kovacevic,B"]
[Black "Hera,I"]
[Result "1/2-1/2"]
[WhiteElo "2471"]
[BlackElo "2510"]

1.d4 d5 2.c4 dxc4 3.e4 e5 4.Nf3 exd4 5.Bxc4 Bb4+ 6.Bd2 Bxd2+ 7.Nbxd2 Nh6
8.Nb3 c5 9.Rc1 Nd7 10.Bd5 Qb6 11.O-O O-O 12.Qc2 Nf6 13.Qxc5 Nxd5 14.exd5 d3
15.Rfd1 Bf5 16.Ne5 Qa6 17.Qd4 Qxa2 18.Nc5 Rad8 19.d6 f6 20.Nexd3 b6 21.Nb7 Rd7
22.Rc7 Nf7 23.Nb4 Qe6 24.Rdc1 Re8 25.h3 Qe5 26.Qxe5 Nxe5 27.f4 Ng6 28.g4 Rxc7
29.Rxc7 Bc8 30.Rxc8 Rxc8 31.d7 Rc1+ 32.Kh2 Rd1 33.d8=Q+ Rxd8 34.Nxd8 Nxf4
35.Kg3 g5 36.Na6 h5 37.Nc6 hxg4 38.Kxg4 Kf7 39.Nxa7 Ke6 40.Nb5 f5+ 41.Kxg5 Nxh3+
42.Kh4 Nf2 43.Nb4 Ne4 44.Nc3 Nd2 45.Nd3 Nc4 46.Kg5 Nxb2 47.Nxb2 f4 48.Kxf4 b5
49.Ne2 Kd5 50.Ke3 b4 51.Nf4+ Ke5 52.Nc4+ Kf5 53.Ne2 b3 54.Nd4+ Kf6 55.Nb2 Ke5
56.Kd3 Kd5 57.Nf3 Kc5 58.Ke4 Kb4 59.Kd4 Ka3 60.Kc3 Ka2 61.Nd2 Ka1 62.Ndc4 Kb1
63.Nd2+ Ka1 64.Ne4 Kb1 65.Nc5 Kc1 66.Na6 Kb1 67.Nb4 Kc1 68.Nc6 Kb1 69.Na5 Ka2
70.Nac4 Kb1 71.Nd2+ Ka2 72.Ndc4 Kb1 73.Nd3 b2 74.Kb3 Ka1 75.Ncxb2 Kb1 76.Nc4 Ka1
77.Kc3 Kb1 78.Nd2+ Ka1 79.Nc5 Ka2 80.Nc4 Ka1 81.Nb3+ Kb1 82.Na3+ Ka2 83.Nb5 Kb1
84.N5d4 Ka2 85.Nd2 Ka1 86.Kc2 Ka2 87.Nb1 Ka1 88.Na3 Ka2 89.Nab5 Ka1 90.Nc3  1/2-1/2

[Event "TCh-FIN 2006-7"]
[Site "Espoo FIN"]
[Date "2006.11.19"]
[Round "5"]
[White "Lehtivaara,P"]
[Black "Parkkinen,J"]
[Result "1-0"]
[WhiteElo "2381"]
[BlackElo "2226"]

1.d4 d5 2.c4 dxc4 3.e4 e5 4.Nf3 exd4 5.Bxc4 Bb4+ 6.Nbd2 Nc6 7.O-O Qe7 8.Nb3 Bg4
9.Nbxd4 Rd8 10.Nxc6 Rxd1 11.Nxe7 Rxf1+ 12.Kxf1 Kxe7 13.Bf4 Bxf3 14.gxf3 Nh6
15.Ke2 f6 16.Bxh6 gxh6 17.Rg1 Kd6 18.Rg7 Bc5 19.Rf7 Bd4 20.b3 a5 21.f4 a4
22.bxa4 Ra8 23.Kd3 Ba1 24.Rxh7 Rxa4 25.Rxh6 b5 26.Bb3 Rd4+ 27.Ke3 Ke7 28.e5 fxe5
29.fxe5 c5 30.Rh7+ Kf8 31.Rb7 c4 32.Bc2 Rd5 33.f4 Bb2 34.Be4 Rd1 35.Rxb5 Bc1+
36.Ke2 Rd2+ 37.Kf3 Rxh2 38.Rb8+ Ke7 39.Rb7+ Kf8 40.e6 Ba3 41.Rf7+ Ke8 42.Bc6+ Kd8
43.Rd7+ Kc8 44.e7 Bxe7 45.Rxe7 Rxa2 46.Bd5 Rc2 47.Re2 Rc1 48.Be4  1-0

[Event "ch-CRO"]
[Site "Kutina CRO"]
[Date "2006.11.19"]
[Round "9"]
[White "Jankovic,A"]
[Black "Hulak,K"]
[Result "1-0"]
[WhiteElo "2533"]
[BlackElo "2536"]

1.d4 d5 2.c4 dxc4 3.e4 Nf6 4.e5 Nd5 5.Bxc4 Nc6 6.Nc3 Be6 7.Bb5 Nxc3 8.bxc3 Qd5
9.Be2 O-O-O 10.Nf3 f6 11.O-O Bg4 12.Be3 e6 13.h3 Bh5 14.Qa4 Qa5 15.Qb3 Re8
16.Rab1 Nd8 17.Bf4 Bg6 18.Rbd1 Be4 19.Nd2 Bd5 20.c4 Bc6 21.Qc2 Qa3 22.Nb3 fxe5
23.Bxe5 Bd6 24.Bh5 Ref8 25.Rfe1 Kb8 26.Bxg7 Rfg8 27.Bxh8 Bh2+ 28.Kh1  1-0

[Event "Capablanca mem Open"]
[Site "Havana CUB"]
[Date "2006.11.22"]
[Round "2"]
[White "Landenbergue,C"]
[Black "Ordaz Valdes,L"]
[Result "1-0"]
[WhiteElo "2446"]
[BlackElo "2216"]

1.d4 d5 2.c4 dxc4 3.e4 e5 4.Nf3 Bb4+ 5.Bd2 Bxd2+ 6.Nbxd2 exd4 7.Bxc4 Nf6
8.O-O O-O 9.Re1 Nc6 10.e5 Nd5 11.Nb3 Nb6 12.Bd3 Nb4 13.Nfxd4 Nxd3 14.Qxd3 Be6
15.Rad1 Bd5 16.Qg3 Qc8 17.Nc5 Rd8 18.Qh4 g6 19.Rd3 Nd7 20.e6 fxe6 21.Ncxe6 Re8
22.Rde3 c5 23.Qh6 Bxe6 24.Nxe6 Re7 25.Ng5 Rg7 26.Nxh7 Rxh7 27.Qxg6+ Rg7 28.Re8+ Nf8
29.Rxc8 Rxc8 30.Qf6 Rc6 31.Qf5 Rcg6 32.Qd5+ Kh7 33.Re3 Rd7 34.Qh5+ Kg7 35.h3  1-0

[Event "19th Belgrade Trophy"]
[Site "Belgrade SRB"]
[Date "2006.11.23"]
[Round "2"]
[White "Raicevic,V1"]
[Black "Bergsson,Sn"]
[Result "1/2-1/2"]
[WhiteElo "2446"]
[BlackElo "2334"]

1.d4 d5 2.c4 dxc4 3.e4 Nc6 4.Be3 Nf6 5.f3 e5 6.d5 Nb4 7.Bxc4 c6 8.dxc6 Qxd1+
9.Kxd1 Nxc6 10.Ne2 Be7 11.Nbc3 O-O 12.a3 b6 13.Ke1 Na5 14.Ba2 Ba6  1/2-1/2

[Event "19th Belgrade Trophy"]
[Site "Belgrade SRB"]
[Date "2006.11.29"]
[Round "8"]
[White "Milanovic,Da"]
[Black "Kizov,A"]
[Result "1-0"]
[WhiteElo "2477"]
[BlackElo "2390"]

1.d4 d5 2.c4 dxc4 3.e4 e5 4.Nf3 Bb4+ 5.Nc3 exd4 6.Nxd4 Ne7 7.Bxc4 O-O 8.O-O Nbc6
9.Ndb5 Ba5 10.Qxd8 Rxd8 11.Bf4 Rd7 12.Nd5 Nxd5 13.exd5 Ne7 14.d6 Ng6 15.Bg3 cxd6
16.Nxd6 Bb4 17.Rfd1 Bxd6 18.Bxd6 Rd8 19.b3 Be6 20.Be2 Rd7 21.Bb5 Rdd8 22.Rd2 a6
23.Be2 Rd7 24.Rad1 Rad8 25.Kf1 Ne7  1-0

[Event "ch-RUS w"]
[Site "Gorodets RUS"]
[Date "2006.12.02"]
[Round "2"]
[White "Matveeva,S"]
[Black "Korbut,E"]
[Result "0-1"]
[WhiteElo "2415"]
[BlackElo "2435"]

1.d4 d5 2.c4 dxc4 3.e4 e5 4.Nf3 Bb4+ 5.Nc3 exd4 6.Nxd4 Qe7 7.f3 Nf6 8.Bxc4 O-O
9.Be3 Rd8 10.Qe2 c5 11.Nc2 Bxc3+ 12.bxc3 Nc6 13.O-O Ne5 14.Rfd1 Rxd1+ 15.Rxd1 Nxc4
16.Qxc4 b6 17.e5 Ne8 18.Qd5 Bb7 19.Qd7 Qxd7 20.Rxd7 Bc6 21.Rd2 Nc7 22.Bg5 Re8
23.Ne3 h6 24.Bf4 Kf8 25.h4 Rc8 26.Bg3 b5 27.f4 c4 28.f5 a5 29.a3 Ke8 30.Rd6 Be4
31.e6 fxe6 32.fxe6 b4 33.axb4 Nb5 34.bxa5 Nxd6 35.Bxd6 Rc6 36.Bb4 Rxe6 37.Nxc4 Bd3
38.Nd6+ Kd7 39.Nb7 Re1+ 40.Kf2 Re2+ 41.Kf3 Kc6 42.Nc5 Bc4 43.Ne4 Ra2 44.g3 Bd5
45.Kf4 Re2 46.Nd6 g6 47.g4 Re6 48.h5 g5+ 49.Kf5 Kd7 50.a6 Bb3  0-1

[Event "Polyarniy Krug"]
[Site "Salekhard RUS"]
[Date "2006.12.02"]
[Round "4"]
[White "Nachev,S"]
[Black "Rozhkov,Ve"]
[Result "1/2-1/2"]
[WhiteElo "2418"]
[BlackElo "2287"]

1.d4 d5 2.c4 dxc4 3.e4 Nc6 4.Be3 e5 5.d5 Nce7 6.Bxc4 Ng6 7.Ne2 Bd6 8.Nbc3 Nf6
9.f3 O-O 10.O-O Nh5 11.g3 a6 12.Nc1 b5 13.Be2 f5 14.exf5 Bxf5 15.Bd3 Bh3
16.Bxg6 hxg6 17.Rf2 Nf6 18.a3 Bf5 19.g4 Bd7 20.Qd3 Qe8 21.Ne4 Nxe4 22.Qxe4 Rd8
23.Ne2 c6 24.Nc3 cxd5 25.Qxd5+ Be6 26.Qb7 Bc8 27.Qb6 Qe6 28.Ne4 Be7 29.Qxe6+ Bxe6
30.Bc5 Bxc5 31.Nxc5 Bc8 32.Kg2 a5 33.Rc1 Rf4 34.Re2 Rdf8 35.Re3 b4 36.Nd3 Rd4
37.Nxe5 Bb7 38.Kg3 Re8 39.Rc7 Ba8 40.Ra7 bxa3 41.Rxa3 Rxe5 42.Rxa8+ Kh7 43.Rb8 g5
44.Rab3 Rdd5 45.R8b7 a4 46.Rc3 Re2 47.Rcc7 Rdd2 48.Rxg7+ Kh6 49.Rh7+ Kg6
50.Rbg7+ Kf6 51.Rf7+ Kg6  1/2-1/2

[Event "Open"]
[Site "Granada ESP"]
[Date "2006.12.07"]
[Round "3"]
[White "Pomes Marcet,J"]
[Black "Cifuentes Parada,R"]
[Result "0-1"]
[WhiteElo "2364"]
[BlackElo "2491"]

1.d4 d5 2.c4 dxc4 3.e4 e5 4.Nf3 Bb4+ 5.Bd2 Bxd2+ 6.Qxd2 exd4 7.Qxd4 Nf6 8.Qxd8+ Kxd8
9.Nc3 c6 10.Bxc4 Be6 11.Bxe6 fxe6 12.Ne5 Ke7 13.O-O-O Nbd7 14.Nxd7 Nxd7 15.Rd2 Rhf8
16.f3 Ne5 17.b3 g5 18.Ne2 Rad8 19.Rxd8 Rxd8 20.Kc2 h5 21.Nc1 h4 22.h3 Kf6
23.Rf1 Ng6 24.Nd3 Nf4 25.Nxf4 gxf4 26.Kc3 Ke5 27.a4 Rd4 28.Ra1 c5 29.Re1 b6
30.Rf1 a6 31.Re1 b5 32.axb5 axb5 33.Ra1 b4+ 34.Kc2 Rd6 35.Re1 Rd8 36.Rc1 Rd4
37.Ra1 Rd7 38.Rc1 Rg7 39.Kd3 Kd6 40.Kc4 Rxg2 41.Kb5 Rf2 42.Rxc5 Rxf3 43.e5+ Ke7
44.Rc7+ Kf8 45.Rc4 Kg7 46.Kc5 Kg6 47.Rxb4 Kf5 48.Rb8 Kxe5 49.b4 Rc3+ 50.Kb6 Rxh3
51.b5 Rb3 52.Kc6 f3 53.b6 h3 54.Ra8 h2 55.Ra1 Kf4  0-1

[Event "15th Donau Open"]
[Site "Aschach an der Donau AUT"]
[Date "2006.12.29"]
[Round "5"]
[White "Kubinger,T"]
[Black "Wiesinger,R"]
[Result "0-1"]
[WhiteElo "2098"]
[BlackElo "2241"]

1.d4 d5 2.c4 dxc4 3.e4 Nc6 4.Nf3 Bg4 5.d5 Ne5 6.Bf4 Ng6 7.Be3 e5 8.Nc3 Bd6
9.h3 Bd7 10.Bxc4 a6 11.Rc1 Nf6 12.g4 h6 13.Qd3 Nh7 14.Bd2 Ng5 15.Bb3 Qf6
16.Bd1 Nf4 17.Bxf4 Qxf4 18.Qe3 Qf6 19.h4 Nxf3+ 20.Qxf3 Qe7 21.Be2 g6 22.Nd1 h5
23.g5 O-O-O 24.Ne3 Kb8 25.Nc4 Bg4 26.Qg3 Bxe2 27.Kxe2 Rhf8 28.Rc3 f6 29.gxf6 Rxf6
30.f3 Rf4 31.Rb3 Ka8 32.Na5 Rb8 33.Nc4 Bc5 34.a4 Bd4 35.a5 Rg8 36.d6 cxd6
37.Nb6+ Bxb6 38.Rxb6 Qc7 39.Qe1 g5 40.Qc3 Qxc3 41.bxc3 gxh4 42.Rxd6 Rg2+
43.Ke1 Rxf3 44.Rxh4 Rxc3 45.Kf1 Ra2 46.Rd1 Rf3+ 47.Kg1 Rxa5 48.Rxh5 Re3  0-1

[Event "XVII Cracovia A"]
[Site "Krakow POL"]
[Date "2006.12.30"]
[Round "4"]
[White "Shishkin,Va UKR"]
[Black "Solodovnichenko,Y"]
[Result "1-0"]
[WhiteElo "2484"]
[BlackElo "2574"]

1.d4 d5 2.c4 dxc4 3.e4 e5 4.Nf3 exd4 5.Bxc4 Nc6 6.O-O Be6 7.Bxe6 fxe6 8.Qb3 Qd7
9.Qxb7 Rb8 10.Qa6 Nf6 11.Nbd2 Bd6 12.b3 O-O 13.Bb2 Bf4 14.Qd3 e5 15.Rac1 Rf7
16.Rc5 Qe8 17.Ba3 Nd8 18.g3 Bxd2 19.Rxe5 Qc6 20.Nxd2 Ng4 21.Rf5 Qh6 22.Nf3 Rxf5
23.exf5 Nf7 24.Qxd4 Nfe5 25.Qd5+ Kh8 26.h4 Re8 27.Kg2 Qh5 28.Nxe5 Rxe5 29.Qa8+ Re8
30.Qf3 h6 31.Rc1 Re5 32.Rc4  1-0

[Event "Open"]
[Site "Verona ITA"]
[Date "2007.01.06"]
[Round "5"]
[White "Luciani,V"]
[Black "Frigieri,F"]
[Result "1-0"]
[WhiteElo "2243"]
[BlackElo "2088"]

1.d4 d5 2.c4 dxc4 3.e4 c5 4.d5 Nf6 5.Nc3 b5 6.e5 b4 7.exf6 bxc3 8.bxc3 exf6
9.Bxc4 Bd6 10.Bb5+ Nd7 11.Qe2+ Kf8 12.Nf3 Nb6 13.Bc6 Rb8 14.O-O Bg4 15.Be3 Qc7
16.h3 h5 17.Rfe1 Bd7 18.Bxd7 Nxd7 19.Rab1 g6 20.Nd2 Kg7 21.Nc4 Bf4 22.g3 Bxe3
23.Qxe3 Nb6 24.Nxb6 Rxb6 25.Rxb6 Qxb6 26.c4 Qb4 27.Rc1 Rd8 28.Qe7 Qb6 29.Re1 Kg8
30.Re3 a6 31.Rb3 Qd6 32.Qxd6 Rxd6 33.Rb8+ Kg7 34.Rc8 f5 35.Rxc5 Kf6 36.f4 Ke7
37.Kf2 Rb6 38.Ra5 Rb2+ 39.Ke3 Rg2 40.Kd4 Rxg3 41.Rxa6 Rxh3 42.c5 Rh1 43.Ra7+ Kf6
44.c6 h4 45.c7 Rc1 46.Ra6+ Ke7 47.Rc6  1-0

[Event "TCh-AUT 2006-7"]
[Site "Leoben AUT"]
[Date "2007.01.18"]
[Round "4"]
[White "Beliavsky,A"]
[Black "Bischoff,K"]
[Result "1/2-1/2"]
[WhiteElo "2639"]
[BlackElo "2532"]

1.d4 d5 2.c4 dxc4 3.e4 Nf6 4.e5 Nd5 5.Bxc4 Nb6 6.Bd3 Nc6 7.Ne2 Bg4 8.f3 Be6
9.Nbc3 Qd7 10.Ne4 Bd5 11.Nc5 Qc8 12.a3 e6 13.Qc2 Bxc5 14.Qxc5 Qd7 15.Bg5 h6
16.Bh4 a6 17.Nc3 g5 18.Bf2 O-O-O 19.O-O Qe7 20.Qxe7 Nxe7 21.Rfc1 Kb8 22.b4 Bc4
23.Bxc4 Nxc4 24.b5 a5 25.Ne4 Nb6 26.h4 Rhg8 27.Nf6 Rh8 28.Ne4 Rhg8 29.Nf6 Rh8  1/2-1/2

[Event "Open"]
[Site "Geneve SUI"]
[Date "2007.01.21"]
[Round "2"]
[White "Manojlovic,Ned"]
[Black "Raetsky,A"]
[Result "0-1"]
[WhiteElo "2042"]
[BlackElo "2417"]

1.d4 d5 2.c4 dxc4 3.e4 Nf6 4.Nc3 e5 5.dxe5 Qxd1+ 6.Kxd1 Ng4 7.Nh3 Nxe5 8.Bf4 Nbc6
9.Bxe5 Nxe5 10.Nd5 Bd6 11.f4 Bxh3 12.gxh3 Ng6 13.e5 Bxe5 14.fxe5 O-O-O 15.Bxc4 Nxe5
16.Bb3 c6 17.Re1 f6 18.Rg1 g6 19.Rc1 Kb8 20.Rf1 Rhf8 21.Ke2 cxd5 22.Rc5 Rfe8
23.Kd2 Re6 24.Rf4 Red6 25.h4 f5 26.h5 Ng4 27.hxg6 hxg6 28.h4 Rh8 29.Rb4 b6
30.a4 Rxh4 31.Bxd5 Nf6 32.Rxh4 bxc5 33.Rh8+ Kc7 34.Kc3 Nxd5+ 35.Kc4 Kc6 36.Ra8 Nb6+  0-1

[Event "Open"]
[Site "Marianske Lazne CZE"]
[Date "2007.01.23"]
[Round "5"]
[White "Slajs,V"]
[Black "Kapoun,M"]
[Result "0-1"]
[WhiteElo "2043"]
[BlackElo "1824"]

1.d4 d5 2.c4 dxc4 3.e4 Nc6 4.d5 Ne5 5.Nd2 Nd3+ 6.Bxd3 cxd3 7.Nb3 e6 8.Qxd3 exd5
9.exd5 Nf6 10.Nf3 Bb4+ 11.Bd2 Bxd2+ 12.Qxd2 Qxd5 13.Qxd5 Nxd5 14.O-O-O c6
15.Rhe1+ Kf8 16.h3 f6 17.Na5 Kf7 18.Nc4 Rd8 19.Rd2 b6 20.Nd4 Bb7 21.Nf5 Ba6
22.b3 Rd7 23.Nfd6+ Kf8 24.Red1 b5 25.Nxb5 Bxb5 26.a4 Ba6 27.Na5 Rc7 28.Kb2 Re8
29.Rc1 Nb4 30.Nc4 Re4 31.f3 Re8 32.Ka3 Rb8 33.Na5 Bc8 34.Rd8+ Kf7 35.Rc4 c5
36.Re4 Rb6 37.Ree8 Be6 38.f4 h5 39.Nc4 Bxc4 40.f5 g6 41.bxc4 Nc2+ 42.Ka2 Rcb7
43.Rf8+ Kg7 44.Rg8+ Kh6  0-1

[Event "Open"]
[Site "Geneve SUI"]
[Date "2007.01.26"]
[Round "7"]
[White "Palac,M"]
[Black "Raetsky,A"]
[Result "1-0"]
[WhiteElo "2571"]
[BlackElo "2417"]

1.d4 d5 2.c4 dxc4 3.e4 Nf6 4.e5 Nd5 5.Bxc4 Nb6 6.Bd3 Nc6 7.Be3 Nb4 8.Be4 f5
9.exf6 exf6 10.Nc3 f5 11.Bb1 N4d5 12.Nf3 Be7 13.O-O O-O 14.Re1 Kh8 15.Bd2 Bf6
16.a3 c5 17.Nxd5 Nxd5 18.Ba2 b6 19.dxc5 bxc5 20.Rc1 Bb7 21.Rxc5 Rc8 22.Bxd5 Rxc5
23.Bxb7 Rb5 24.Ba6 Rxb2 25.Qc1 Qb6 26.Be3 Qb8 27.Be2 g6 28.h4 Rd8 29.Qc6 Bg7
30.Ng5  1-0

[Event "Aeroflot Open"]
[Site "Moscow RUS"]
[Date "2007.02.18"]
[Round "5"]
[White "Volkov,Sergey"]
[Black "Zhou Jianchao"]
[Result "1/2-1/2"]
[WhiteElo "2636"]
[BlackElo "2551"]

1.d4 d5 2.c4 dxc4 3.e4 e5 4.Nf3 exd4 5.Bxc4 Bb4+ 6.Bd2 Bxd2+ 7.Nbxd2 Qf6
8.O-O Ne7 9.e5 Qg6 10.Nxd4 Nbc6 11.N2f3 Bg4 12.Qb3 Rd8 13.Nxc6 Nxc6 14.Rae1 O-O
15.e6 fxe6 16.Nh4 Qg5 17.Qxb7 Nd4 18.Qxa7 Qxh4 19.Re4 Qg5 20.h4 Qg6 21.Rxd4 Bh3
22.g3 Bxf1 23.Rxd8 Rxd8 24.Qxc7 Rd1 25.Qb8+ Kf7 26.Qb7+ Kf8 27.Qb4+ Kf7 28.Qb7+ Kf8
29.Qb4+  1/2-1/2

[Event "64th ch-POL"]
[Site "Opole POL"]
[Date "2007.02.19"]
[Round "10"]
[White "Wojtaszek,R"]
[Black "Markowski,T"]
[Result "0-1"]
[WhiteElo "2637"]
[BlackElo "2553"]

1.d4 d5 2.c4 dxc4 3.e4 Nf6 4.e5 Nd5 5.Bxc4 Nb6 6.Bd3 Nc6 7.Ne2 Bg4 8.f3 Bh5
9.Bb5 e6 10.Nbc3 Qd7 11.Bg5 Bg6 12.Rc1 a6 13.Bxc6 Qxc6 14.O-O Bb4 15.Ne4 Qd7
16.Qb3 Nd5 17.a3 Qb5 18.axb4 Qxe2 19.Nc3 Nxc3 20.Qxc3 h6 21.Be7 Kxe7 22.Qxc7+ Kf8
23.Qxb7 Re8 24.Rc8 f6 25.Rfc1 fxe5 26.dxe5 Kg8 27.R8c7 Qxe5 28.h3 Rf8 29.Rd1 Kh7
30.Rdd7 Rhg8 31.Qxa6 Rb8 32.Qc4 Qe1+ 33.Kh2 Qxb4 34.Qc3 Qxc3 35.bxc3 Rbd8
36.Re7 Rde8 37.Kg3 Bd3 38.h4 Rxe7 39.Rxe7 Bc4 40.Rc7 Bb3 41.Rb7 Bd5 42.Rc7 Re8
43.c4 Ba8 44.Kf2 e5 45.Ke3 Re6 46.h5 Bc6 47.c5 Kg8 48.Rc8+ Kf7 49.Rc7+ Kf6
50.Rc8 Be8 51.g4 Bd7 52.Rc7 Bc6 53.Rc8 Bd7 54.Rf8+ Ke7 55.Rg8 Kf7 56.Rd8 Be8
57.Rd5 Bc6 58.Rd2 Rf6 59.Rf2  0-1

[Event "64th ch-POL"]
[Site "Opole POL"]
[Date "2007.02.22"]
[Round "13"]
[White "Cyborowski,L"]
[Black "Heberla,B"]
[Result "1/2-1/2"]
[WhiteElo "2580"]
[BlackElo "2557"]

1.d4 d5 2.c4 dxc4 3.e4 Nc6 4.Be3 Nf6 5.f3 e5 6.d5 Nd4 7.Ne2 c6 8.Nxd4 exd4
9.Qxd4 cxd5 10.Nc3 Bb4 11.O-O-O O-O 12.e5 Bxc3 13.Qxc3 Ne8 14.Bxc4 Be6 15.Kb1 Rc8
16.Qd4 Nd6 17.Bb3 Nf5 18.Qxa7 d4 19.Bxe6 Ra8 20.Qc5 Ra5 21.Bxd4 Rxc5 22.Bxc5 Qg5
23.Bd5 Ne3 24.Bxe3 Qxe3 25.Rhe1 Qa7 26.e6 fxe6 27.Rxe6 Kh8 28.Rde1 g6 29.Re7 Rd8
30.Bb3 Qf2 31.R7e2 Qc5 32.a3 Rd7 33.Ka2 Kg7 34.Re8 Rd2 35.R1e7+ Kh6 36.Re2 Qd4
37.Rxd2 Qxd2 38.g4 Qxh2 39.Rf8 Kg5 40.Rf7 b5 41.Be6 Qe2 42.f4+ Kh4 43.Rxh7+ Kg3
44.f5 Qxg4 45.Rb7 gxf5 46.Rxb5 Qe2 47.Rb3+ Kf4 48.Bxf5 Kxf5 49.Rc3 Ke5 50.a4 Kd5
51.a5 Qb5 52.a6 Qxa6+ 53.Kb1 Kd4 54.Ra3 Qc4 55.Rc3  1/2-1/2

[Event "Masters"]
[Site "Bunratty IRL"]
[Date "2007.02.23"]
[Round "1"]
[White "Cafolla,P"]
[Black "Mannion,S"]
[Result "0-1"]
[WhiteElo "2053"]
[BlackElo "2337"]

1.d4 d5 2.c4 dxc4 3.e4 e5 4.Nf3 exd4 5.Bxc4 Bb4+ 6.Bd2 Bxd2+ 7.Nbxd2 Qf6
8.O-O Nc6 9.e5 Qg6 10.Re1 Nge7 11.Ne4 O-O 12.Bd3 Qh6 13.Neg5 Bf5 14.e6 fxe6
15.Bxf5 Rxf5 16.Rxe6 Qh5 17.Ne4 Rd5 18.Ng3 Qf7 19.Qe1 Ng6 20.Rd1 Nf4 21.Re4 d3
22.Qe3 Rf8 23.a3 h6 24.Nd2 Qf6 25.b4 Nd4 26.f3 Nde2+ 27.Kf1 Nc3 28.Rc1 Nxe4
29.Ngxe4 Qd4  0-1